| 000 | 00665nam a22001577a 4500 | ||
|---|---|---|---|
| 003 | OSt | ||
| 005 | 20151007172319.0 | ||
| 008 | 151007b xxu||||| |||| 00| 0 eng d | ||
| 040 | _cRUA | ||
| 082 | _aAVM ROS 2008 B082 Or.1 | ||
| 100 |
_92329 _aSOR, RATHEA. |
||
| 245 | _aEffect of drug for treatment on piglet diarrhea disease in kim sieb farm, ប្រសិទ្ធិភាពនៃឳសថក្នុងការព្យាបាលជំងឺរាកកូនជ្រូកមុនពេលផ្តាច់ដោះក្នុងកសិដ្ធាន. | ||
| 260 |
_aphnom phen _bRUA _c2008 |
||
| 300 |
_aVIII, 31p. _bill. _c29cm. |
||
| 942 |
_2ddc _cAVM |
||
| 999 |
_c2195 _d2195 |
||